000 00684nam a2200229Ia 4500
003 OSt
005 20230830114014.0
008 210716s2002 xx 000 0 und d
020 _a8126502487
040 _cAIMIT LIBRARY
041 _aeng
082 _a005.44
_21
_bKABM
100 _aKabir, Mohammed J.
_9131599
245 _aRed hat linux security and optimization /
_cby Mohammed J. Kabir.
250 _a1st ed.
260 _aNew Delhi :
_bIDG Books India (P) Ltd ,
_c2002.
300 _axvi,690 p.;
_bPB
_c25 cm.
650 _aNetwork service security
_9131600
650 _aFTP server security
_9131601
650 _aFirewalls
_9131602
942 _2ddc
_cBK
_e1st
_k005.44 KABM
999 _c184741
_d184741